| 000 | 01296nam0a22003131 4500 | ||
|---|---|---|---|
| 001 | rc\2224675 | ||
| 005 | 20110829180405.8 | ||
| 035 | _a(NLR Aleph) 006708360 | ||
| 090 |
_a5316678 _c5316678 |
||
| 100 | _a20110829d1978 |||y0rusy50 ca | ||
| 101 | 0 | _arus | |
| 102 | _aRU | ||
| 105 | _aa z ||||| | ||
| 200 | 1 |
_aСтраницы истории комсомола Карелии _eДокументы и материалы _f[Составители П.М. Кузьмина, Н.К. Тинькова _gВвед. д. ист. н. М.И. Шумилова] |
|
| 210 |
_aПетрозаводск _cКарелия _d1978 |
||
| 215 |
_a375 с., 8 л. ил. _d21 |
||
| 225 | 1 | _aЛет. легендарная перекличка | |
| 606 |
_aВЛКСМ _xИстория _jДокументы и материалы _xКарельская организация _2psbo |
||
| 702 | 1 |
_aШумилов _bМ. И. _4080 |
|
| 702 | 1 |
_aКузьмина _bП. М. _gПолина Михайловна _4220 |
|
| 702 | 1 |
_aТинькова _bН. К. _4220 |
|
| 712 | 0 | 2 |
_aВЛКСМ _bКарельская обл. организация |
| 801 | 0 |
_aRU _bNLR _gpsbo |
|
| 801 | 1 |
_aRU _bELAR _2rusmarc |
|
| 852 |
_aNLR _j78-3/10628 |
||
| 899 |
_aRuMoRGB _jБ 78-5/818 |
||
| 899 |
_aRuMoRGB _jБ 78-5/819 |
||
| 942 | _cBOOK | ||
| 980 | _aNB | ||